Các lý thuyết xã hội học

Na minha lista:
Detalhes bibliográficos
Autor principal: VŨ QUANG HÀ
Formato: Livro
Idioma:Undetermined
Publicado em: Hà Nội ĐHQG 2002
Assuntos:
Tags: Adicionar Tag
Sem tags, seja o primeiro a adicionar uma tag!
Thư viện lưu trữ: Trung tâm Học liệu Trường Đại học Cần Thơ
LEADER 00447nam a2200169Ia 4500
001 CTU_47073
008 210402s9999 xx 000 0 und d
082 |a 301 
082 |b H100/T2 
100 |a VŨ QUANG HÀ 
245 0 |a Các lý thuyết xã hội học 
245 0 |c VŨ QUANG HÀ 
260 |a Hà Nội 
260 |b ĐHQG 
260 |c 2002 
650 |a sociology 
980 |a Trung tâm Học liệu Trường Đại học Cần Thơ